Culture Générale - Série 1508 - Statistiques

Statistiques générales
  • Ce quiz a été pris 151 fois
  • Le résultat moyen est 6 sur 10
Statistiques - réponses
Question Réponse % Correct
La peau de quel animal ne faut-il pas vendre, avant de l'avoir tué ? ours
99%
Quelle héroïne du Far West aurait-on pu surnommer "Jeanne la Calamité" en français ? Calamity Jane
95%
Complétez l'expression "À chaque jour suffit sa... peine
94%
Dans quelle chaîne de montagnes se déroula la bataille de Roncevaux, en 778 ? Pyrénées
82%
Quel oiseau, pouvant être "mandarin" ou "pilet", associe-t-on à un froid glacial ? canard
66%
De quelle dynastie royale sont issus les rois Henri IV et Louis XIV ? Bourbons
60%
Comment s'appellent les habitants du Caire ? Cairotes
49%
De quelle célèbre actrice (initiales : AJ) le comédien Jon Voight est-il le père ? Angelina Jolie
45%
Le 18 février 1976, quel présentateur du 20 heures de TF1 débute son journal télévisé par la phrase : "La France a peur" ? Roger Gicquel
35%
Dans la religion catholique, qui l'Église appelle-t-elle "l'Agneau de Dieu" ? Jésus-Christ
25%
Aucun quiz correspondant
Distribution des résultats
% des personnes avec chaque résultat
Percentile par nombre de réponses
Votre historique - résultats
Vous n’avez pas pris ce quiz